[Event "Hasselbacken Open 2016"]
[Site "Stockholm SWE"]
[Date "2016.05.03"]
[Round "4.58"]
[White "Poulopoulos, Ioannis"]
[Black "Seo, Jung Min"]
[Result "1/2-1/2"]
[WhiteElo "2214"]
[BlackElo "2045"]
[WhiteFideId "4218078"]
[BlackFideId "1734687"]
[EventDate "2016.04.30"]

1. d4 d5 2. c4 e6 3. Nf3 a6 4. g3 c6 5. Bg2 Nf6 6. O-O Be7 7. Nbd2 O-O 8. Qc2 b6
9. cxd5 exd5 10. Ne5 Bb7 11. Rd1 c5 12. Ndf3 Nbd7 13. Bf4 Rc8 14. Qd3 cxd4 15.
Nxd7 Nxd7 16. Nxd4 Nc5 17. Qb1 Bd6 18. Bxd6 Qxd6 19. e3 g6 20. Qc2 Qf6 21. Qe2
Ne4 22. Rac1 Qe5 23. Qg4 Rc5 24. Bxe4 dxe4 25. b4 Rxc1 26. Rxc1 Qd5 27. Rc7 Ba8
28. Rc8 Bb7 29. Rxf8+ Kxf8 30. Qf4 Kg7 31. a4 Bc6 32. Qc7 Bxa4 33. Qxb6 Qc4 34.
Qb7 Bb5 35. Nxb5 axb5 36. Qe7 Qd3 37. Kg2 h5 38. h3 Qd5 39. g4 hxg4 40. hxg4 Kg8
41. Kg3 Qd3 42. Qe8+ Kg7 43. Qe5+ Kg8 44. g5 Qd1 45. Qe8+ Kg7 46. Qxe4 Qg1+ 47.
Kf4 Qh2+ 48. Kf3 Qh1+ 49. Kf4 Qh2+ 50. Kg4 Qg1+ 51. Kf4 1/2-1/2

[Event "Hasselbacken Open 2016"]
[Site "Stockholm SWE"]
[Date "2016.05.03"]
[Round "4.59"]
[White "Sjodin, Bengt"]
[Black "Brookes, Christopher"]
[Result "0-1"]
[BlackTitle "CM"]
[WhiteElo "2031"]
[BlackElo "2213"]
[WhiteFideId "1702483"]
[BlackFideId "4669355"]
[EventDate "2016.04.30"]

1. d4 Nf6 2. Nf3 g6 3. Bf4 Bg7 4. e3 O-O 5. Be2 d6 6. h3 c5 7. Nc3 Nc6 8. O-O
Qa5 9. d5 Nb4 10. a3 Na6 11. e4 Nc7 12. Bd2 Nd7 13. Qe1 Na6 14. Nb5 Qd8 15. Bc3
Nf6 16. Nd2 e5 17. dxe6 Bxe6 18. Rd1 Nc7 19. Nxc7 Qxc7 20. f4 d5 21. exd5 Bxd5
22. Qh4 Qc6 23. Bf3 Rad8 24. Rfe1 Rd7 25. Bxd5 Nxd5 26. Bxg7 Kxg7 27. Nc4 f6 28.
f5 g5 29. Qe4 Rfd8 30. Qf3 b5 31. Ne3 Ne7 32. Rxd7 Rxd7 33. Kf2 Rd4 34. Qxc6
Nxc6 35. c3 Rf4+ 36. Ke2 h5 37. Rd1 Ne5 38. Rf1 Re4 39. Kd2 c4 40. Nc2 Nd3 41.
Nd4 a6 42. b3 Kh6 43. bxc4 bxc4 44. g3 h4 45. g4 Nf4 46. Rf3 Kg7 47. Kd1 Re5 48.
Nc2 Kf7 49. Ne3 Re4 50. Nc2 Ke7 51. a4 Kd6 52. Nb4 a5 53. Nc2 Kc5 54. Nd4 Re8
55. Kd2 Kd5 56. Kd1 Rb8 57. Kc2 Ke4 58. Rf1 Nxh3 59. Ne6 Rc8 60. Kd2 Nf4 61.
Nxf4 gxf4 62. Rh1 Rh8 63. Rh3 f3 64. Ke1 Ke3 0-1

[Event "Hasselbacken Open 2016"]
[Site "Stockholm SWE"]
[Date "2016.05.03"]
[Round "4.60"]
[White "Johansson, Gunnar"]
[Black "Jakenberg, Jussi"]
[Result "1/2-1/2"]
[WhiteElo "2212"]
[BlackElo "2036"]
[WhiteFideId "1703501"]
[BlackFideId "1710931"]
[EventDate "2016.04.30"]

1. d4 Nf6 2. c4 e6 3. Nc3 Bb4 4. Qc2 c5 5. dxc5 Bxc5 6. Nf3 Qb6 7. e3 Qc7 8. Be2
a6 9. a3 b6 10. O-O Be7 11. Bd2 Bb7 12. Rac1 d6 13. e4 Nbd7 14. Bf4 O-O 15. Rfd1
Rfd8 16. Bf1 Rac8 17. Qe2 Nh5 18. Be3 Nhf6 19. Nd2 Re8 20. f3 Qb8 21. Qf2 Bd8
22. b4 Bc7 23. g3 h5 24. Kh1 Qa8 25. Bg2 d5 26. exd5 exd5 27. cxd5 Nxd5 28. Nxd5
Bxd5 29. Nf1 Nf6 30. Bd4 b5 31. Ne3 Bc6 32. Re1 Be5 33. Nf5 Bxd4 34. Nxd4 Bb7 1/2-1/2

[Event "Hasselbacken Open 2016"]
[Site "Stockholm SWE"]
[Date "2016.05.04"]
[Round "5.1"]
[White "Mareco, Sandro"]
[Black "Almasi, Zoltan"]
[Result "1/2-1/2"]
[WhiteTitle "GM"]
[BlackTitle "GM"]
[WhiteElo "2625"]
[BlackElo "2682"]
[WhiteFideId "112275"]
[BlackFideId "702293"]
[EventDate "2016.04.30"]

1. Nf3 Nf6 2. c4 b6 3. d4 e6 4. g3 Ba6 5. Qa4 c5 6. Bg2 Bb7 7. dxc5 Bxc5 8. O-O
O-O 9. Nc3 Be7 10. Rd1 Na6 11. Bf4 Nc5 12. Qc2 Qc8 13. Rd4 d5 14. cxd5 Nxd5 15.
Bg5 Nf6 16. Rc1 h6 17. Be3 Rd8 18. b4 Rxd4 19. Nxd4 Bxg2 20. Kxg2 Qb7+ 21. f3
Ncd7 22. b5 Bc5 23. Bg1 Bxd4 24. Bxd4 Rc8 25. Qd2 Rc7 26. Bxf6 Nxf6 27. Qd8+ Kh7
28. Qd3+ Kg8 29. Qd8+ Kh7 30. Qd3+ Kg8 31. Qd8+ 1/2-1/2

[Event "Hasselbacken Open 2016"]
[Site "Stockholm SWE"]
[Date "2016.05.04"]
[Round "5.2"]
[White "Maze, Sebastien"]
[Black "Smirin, Ilia"]
[Result "1/2-1/2"]
[WhiteTitle "GM"]
[BlackTitle "GM"]
[WhiteElo "2617"]
[BlackElo "2665"]
[WhiteFideId "613762"]
[BlackFideId "2801990"]
[EventDate "2016.04.30"]

1. e4 c5 2. Nf3 Nc6 3. Bb5 e6 4. O-O Nge7 5. Re1 Nd4 6. Nxd4 cxd4 7. d3 a6 8.
Ba4 b5 9. Bb3 Nc6 10. Qg4 h5 11. Qh3 g5 12. Bd5 Be7 13. Bxc6 dxc6 14. e5 Bb7 15.
Nd2 Qd5 16. Qf3 c5 17. Qxd5 Bxd5 18. Ne4 Rg8 19. Nf6+ Bxf6 20. exf6 h4 21. Re5
g4 22. Bg5 h3 23. gxh3 gxh3 24. f4 Kd7 25. Kf2 Rac8 26. a4 c4 27. axb5 axb5 28.
Ra7+ Rc7 29. Rxc7+ Kxc7 30. Kg3 c3 31. bxc3 dxc3 32. Kxh3 Ra8 33. f5 b4 34. fxe6
Bxe6+ 35. Kg3 Ra2 36. Re4 Bd5 37. Rxb4 Rxc2 38. Rb1 Rg2+ 1/2-1/2

[Event "Hasselbacken Open 2016"]
[Site "Stockholm SWE"]
[Date "2016.05.04"]
[Round "5.3"]
[White "Urkedal, Frode"]
[Black "Andreikin, Dmitry"]
[Result "0-1"]
[WhiteTitle "IM"]
[BlackTitle "GM"]
[WhiteElo "2549"]
[BlackElo "2736"]
[WhiteFideId "1506102"]
[BlackFideId "4158814"]
[EventDate "2016.04.30"]

1. d4 Nf6 2. c4 e6 3. Nc3 Bb4 4. Nf3 O-O 5. Qc2 d5 6. a3 Bxc3+ 7. Qxc3 dxc4 8.
Qxc4 b6 9. Bg5 Ba6 10. Qa4 Qd7 11. Qc2 c5 12. dxc5 Rc8 13. Bxf6 gxf6 14. Rd1 Qe7
15. e3 Rxc5 16. Qe4 Bb7 17. Qh4 Nd7 18. b4 Rc3 19. Qd4 Rc7 20. Be2 Rac8 21. O-O
Nf8 22. Qa1 Bxf3 23. Bxf3 Rc3 24. Rc1 Qc7 25. Rxc3 Qxc3 26. b5 Nd7 27. a4 Ne5
28. Qd1 Rc5 29. h3 Kg7 30. Be2 Qb2 31. f4 Ng6 32. Bf3 Qa3 33. Qd4 Rc3 34. Re1
Rd3 35. Qe4 f5 36. Qc4 e5 37. fxe5 Rxe3 38. Rf1 Rxe5 39. Bc6 Qe3+ 40. Kh2 Rc5
41. Qb4 Rc3 42. Qd6 Ne5 43. Kh1 Qe2 44. Kg1 Qe3+ 45. Kh1 Qe2 46. Kg1 f4 47. Qd8
h6 48. Qh4 Nxc6 49. Re1 Qd2 50. Qg4+ Kf8 51. Qh4 f3 0-1

[Event "Hasselbacken Open 2016"]
[Site "Stockholm SWE"]
[Date "2016.05.04"]
[Round "5.4"]
[White "Shirov, Alexei"]
[Black "Sevian, Samuel"]
[Result "0-1"]
[WhiteTitle "GM"]
[BlackTitle "GM"]
[WhiteElo "2686"]
[BlackElo "2589"]
[WhiteFideId "2209390"]
[BlackFideId "2040506"]
[EventDate "2016.04.30"]

1. e4 e5 2. Nf3 Nc6 3. d4 exd4 4. Nxd4 Nf6 5. Nxc6 bxc6 6. Qe2 Bb4+ 7. c3 Be7 8.
e5 Nd5 9. Qg4 Kf8 10. Qe4 d6 11. c4 Nb6 12. Qxc6 Rb8 13. Nc3 Bb7 14. Qb5 Nd7 15.
exd6 Bxd6 16. Qg5 f6 17. Qh5 Qe7+ 18. Be2 Bxg2 19. Rg1 Be4 20. c5 Nxc5 21. Rxg7
Kxg7 22. Bh6+ Kg8 23. O-O-O Bg6 24. Bc4+ Ne6 25. Qh3 Kf7 26. Nd5 Rxb2 27. Kxb2
Rb8+ 28. Bb3 Be5+ 29. Nc3 c5 30. f4 c4 31. fxe5 cxb3 32. a4 Nc5 33. exf6 Qc7 34.
Rd4 Rd8 35. Rxd8 Qxd8 36. Qe3 Qd6 37. Nb5 Nd3+ 38. Kb1 Ne5+ 39. Kb2 Nd3+ 40. Kb1
Nf2+ 41. Kc1 Qd1+ 42. Kb2 Nd3+ 43. Ka3 Qa1+ 44. Kxb3 Qb2+ 45. Kc4 Qb4+ 46. Kd5
Be4+ 0-1

[Event "Hasselbacken Open 2016"]
[Site "Stockholm SWE"]
[Date "2016.05.04"]
[Round "5.5"]
[White "Postny, Evgeny"]
[Black "Stefansson, Hannes"]
[Result "1/2-1/2"]
[WhiteTitle "GM"]
[BlackTitle "GM"]
[WhiteElo "2673"]
[BlackElo "2581"]
[WhiteFideId "2804344"]
[BlackFideId "2300087"]
[EventDate "2016.04.30"]

1. d4 Nf6 2. c4 e6 3. Nf3 b6 4. g3 Ba6 5. Qc2 c5 6. d5 exd5 7. cxd5 Bb7 8. Bg2
Nxd5 9. O-O Be7 10. Rd1 Nc6 11. Qf5 Nf6 12. e4 O-O 13. e5 g6 14. Qf4 Nh5 15. Qc4
d5 16. exd6 Bxd6 17. Nc3 Na5 18. Qa4 Bc6 19. Qc2 Qc7 20. Bh6 Rfd8 21. Nd5 Bxd5
22. Rxd5 Nf6 23. Qc3 Bf8 24. Rxd8 Qxd8 25. Bxf8 Kxf8 26. Ng5 Rc8 27. Nxh7+ Kg7
28. Ng5 Qd4 29. Qxd4 cxd4 30. Rd1 Rc2 31. b4 Nc4 32. Rxd4 Ne5 33. Bd5 Nxd5 34.
Rxd5 f6 35. a3 Ra2 36. Ne4 Rxa3 37. f4 Nf3+ 38. Kf2 f5 39. Rd7+ Kf8 40. Nf6 Nxh2
41. Nh7+ Kg8 42. Nf6+ Kf8 1/2-1/2

[Event "Hasselbacken Open 2016"]
[Site "Stockholm SWE"]
[Date "2016.05.04"]
[Round "5.6"]
[White "Adhiban, Baskaran"]
[Black "Vorobiov, Evgeny E."]
[Result "1-0"]
[WhiteTitle "GM"]
[BlackTitle "GM"]
[WhiteElo "2663"]
[BlackElo "2572"]
[WhiteFideId "5018471"]
[BlackFideId "4121341"]
[EventDate "2016.04.30"]

1. e4 d6 2. d4 Nf6 3. Nc3 e5 4. Nf3 Nbd7 5. Bc4 Be7 6. a4 O-O 7. O-O a5 8. h3 c6
9. Re1 h6 10. Ba2 Re8 11. Be3 Qc7 12. Qe2 Nf8 13. Rad1 Ng6 14. d5 Ra6 15. Bc4
Ra8 16. Bb3 Ra6 17. Nd2 Nh7 18. Nc4 Rf8 19. dxc6 bxc6 20. Qd2 Nh4 21. Qd3 Rd8
22. Nb5 cxb5 23. axb5 a4 24. Ba2 Nxg2 25. Kxg2 Qd7 26. Bb6 Ng5 27. bxa6 Nxh3 28.
Nxe5 1-0

[Event "Hasselbacken Open 2016"]
[Site "Stockholm SWE"]
[Date "2016.05.04"]
[Round "5.7"]
[White "Libiszewski, Fabien"]
[Black "Tkachiev, Vladislav"]
[Result "1/2-1/2"]
[WhiteTitle "GM"]
[BlackTitle "GM"]
[WhiteElo "2520"]
[BlackElo "2660"]
[WhiteFideId "616834"]
[BlackFideId "618438"]
[EventDate "2016.04.30"]

1. e4 c5 2. Nf3 d6 3. Bb5+ Bd7 4. Bxd7+ Qxd7 5. c4 Nf6 6. Nc3 g6 7. O-O Bg7 8.
d4 cxd4 9. Nxd4 O-O 10. f3 Rc8 11. b3 d5 12. exd5 Nxd5 13. Nxd5 e6 14. Bh6 exd5
15. Bxg7 Kxg7 16. Nb5 dxc4 17. Nd6 Rd8 18. Nxb7 Qxd1 19. Rfxd1 Rxd1+ 20. Rxd1
cxb3 21. axb3 Nc6 22. Rd7 a5 23. Rd6 Ra7 24. Rxc6 Rxb7 25. Rc5 Rxb3 26. Rxa5 h5
27. h4 Rb4 28. g3 Rb2 29. Ra6 Rc2 30. Rb6 Ra2 31. Rc6 Rb2 1/2-1/2

[Event "Hasselbacken Open 2016"]
[Site "Stockholm SWE"]
[Date "2016.05.04"]
[Round "5.8"]
[White "Sethuraman, S.P."]
[Black "Blomqvist, Erik"]
[Result "1-0"]
[WhiteTitle "GM"]
[BlackTitle "GM"]
[WhiteElo "2658"]
[BlackElo "2515"]
[WhiteFideId "5021596"]
[BlackFideId "1709437"]
[EventDate "2016.04.30"]

1. e4 c5 2. Nf3 e6 3. d4 cxd4 4. Nxd4 Nc6 5. Nc3 Qc7 6. Be3 a6 7. Qd2 Nf6 8.
O-O-O Be7 9. f3 b5 10. Kb1 h5 11. Be2 Ne5 12. Bf4 b4 13. Na4 Rb8 14. c4 bxc3 15.
Qxc3 Qxc3 16. Nxc3 d6 17. Bxe5 dxe5 18. Nc6 Rb6 19. Nxe5 h4 20. Rc1 Bd7 21. Rhd1 1-0

[Event "Hasselbacken Open 2016"]
[Site "Stockholm SWE"]
[Date "2016.05.04"]
[Round "5.9"]
[White "Vidit, Santosh Gujrathi"]
[Black "Smith, Axel"]
[Result "1/2-1/2"]
[WhiteTitle "GM"]
[BlackTitle "IM"]
[WhiteElo "2648"]
[BlackElo "2503"]
[WhiteFideId "5029465"]
[BlackFideId "1707930"]
[EventDate "2016.04.30"]

1. d4 d5 2. c4 c6 3. Nc3 e5 4. dxe5 d4 5. Ne4 Qa5+ 6. Nd2 Nd7 7. Nf3 Nxe5 8.
Nxd4 Nxc4 9. e3 Nxd2 10. Bxd2 Bb4 11. a3 Bxd2+ 12. Qxd2 Qxd2+ 13. Kxd2 Nf6 14.
b4 Ne4+ 15. Ke1 Ke7 16. Bd3 Nd6 17. Ke2 a5 18. Rhc1 Bd7 19. e4 f6 20. Nb3 axb4
21. axb4 Rhc8 22. Nc5 b6 23. Nxd7 Kxd7 24. f4 Rxa1 25. Rxa1 c5 26. bxc5 bxc5 27.
Kd2 Rc7 28. Ra6 Ke7 29. e5 fxe5 30. fxe5 Nf7 31. Bc4 Kf8 32. Ra8+ Ke7 33. Ra6
Kf8 34. Ra8+ Ke7 35. Ra6 1/2-1/2

[Event "Hasselbacken Open 2016"]
[Site "Stockholm SWE"]
[Date "2016.05.04"]
[Round "5.10"]
[White "Brunner, Nicolas"]
[Black "Bachmann, Axel"]
[Result "1/2-1/2"]
[WhiteTitle "IM"]
[BlackTitle "GM"]
[WhiteElo "2447"]
[BlackElo "2621"]
[WhiteFideId "620246"]
[BlackFideId "3700488"]
[EventDate "2016.04.30"]

1. d4 d5 2. c4 dxc4 3. e3 Nf6 4. Bxc4 e6 5. Nf3 a6 6. O-O b5 7. Bd3 Bb7 8. a4 b4
9. Nbd2 c5 10. Qe2 Nc6 11. Nc4 Na5 12. Nxa5 Qxa5 13. e4 cxd4 14. Nxd4 Bd6 15.
Nb3 Qc7 16. f4 e5 17. f5 O-O 18. Bg5 Be7 19. Rac1 Qd7 20. Na5 h6 21. Bxf6 Bxf6
22. Nxb7 Qxb7 23. Bc4 Bg5 24. Rcd1 Rfd8 25. Kh1 Qa7 26. g3 a5 27. b3 Rxd1 28.
Rxd1 Rd8 29. Rxd8+ Bxd8 30. Qd3 Qd4 31. Qxd4 exd4 1/2-1/2

[Event "Hasselbacken Open 2016"]
[Site "Stockholm SWE"]
[Date "2016.05.04"]
[Round "5.11"]
[White "Almasi, Istvan"]
[Black "Landa, Konstantin"]
[Result "0-1"]
[WhiteTitle "IM"]
[BlackTitle "GM"]
[WhiteElo "2420"]
[BlackElo "2618"]
[WhiteFideId "701742"]
[BlackFideId "4101685"]
[EventDate "2016.04.30"]

1. d4 Nf6 2. c4 e6 3. Nf3 b6 4. g3 Bb7 5. Bg2 Be7 6. O-O O-O 7. d5 exd5 8. Nh4
c6 9. cxd5 Nxd5 10. Nf5 Nc7 11. e4 d5 12. Nc3 Re8 13. Re1 Bf8 14. Qg4 g6 15. Bg5
f6 16. Nh6+ Bxh6 17. Bxh6 d4 18. Rad1 c5 19. Nd5 Nxd5 20. exd5 Nd7 21. f4 f5 22.
Qf3 Nf6 23. Rxe8+ Qxe8 24. Qb3 Qf7 25. Re1 Bxd5 26. Bxd5 Nxd5 27. Re5 Ne3 28.
Re7 Qxb3 29. axb3 Rd8 30. Rg7+ Kh8 31. Re7 d3 32. Bg7+ Kg8 33. Bc3 Nd5 34. Rg7+
Kf8 0-1

[Event "Hasselbacken Open 2016"]
[Site "Stockholm SWE"]
[Date "2016.05.04"]
[Round "5.12"]
[White "Lindberg, Bo 1984"]
[Black "Bok, Benjamin"]
[Result "1/2-1/2"]
[WhiteTitle "FM"]
[BlackTitle "GM"]
[WhiteElo "2397"]
[BlackElo "2604"]
[WhiteFideId "1705997"]
[BlackFideId "1017063"]
[EventDate "2016.04.30"]

1. d4 Nf6 2. Nf3 g6 3. Nbd2 c5 4. dxc5 Qa5 5. a3 Qxc5 6. b4 Qc7 7. Bb2 Bg7 8. c4
O-O 9. e3 b6 10. Be2 Bb7 11. O-O d6 12. Rc1 Nbd7 13. Nd4 Rac8 14. Qb3 a6 15.
Rfd1 Qb8 16. Bf3 Ne5 17. Bxb7 Qxb7 18. c5 dxc5 19. bxc5 Nfd7 20. cxb6 Qxb6 21.
a4 Qxb3 22. N2xb3 Nb6 23. Ba3 Nxa4 24. Bxe7 Rxc1 25. Rxc1 Ra8 26. h3 Nd3 27. Rc2
Nb6 28. Na5 Nd5 29. Ba3 Nf6 30. Rd2 Ne5 31. Rc2 h5 32. Kf1 Ne4 33. Ke2 Rb8 34.
Rc7 Rb1 35. f4 Ra1 36. Nc2 Ng3+ 37. Kd2 Ne4+ 38. Ke2 Ng3+ 39. Kd2 Ne4+ 1/2-1/2

[Event "Hasselbacken Open 2016"]
[Site "Stockholm SWE"]
[Date "2016.05.04"]
[Round "5.13"]
[White "Levushkina, Elena"]
[Black "Predojevic, Borki"]
[Result "0-1"]
[WhiteTitle "WGM"]
[BlackTitle "GM"]
[WhiteElo "2336"]
[BlackElo "2654"]
[WhiteFideId "14200686"]
[BlackFideId "930849"]
[EventDate "2016.04.30"]

1. e4 c5 2. c3 d5 3. exd5 Qxd5 4. d4 Nf6 5. Nf3 e6 6. Be3 Be7 7. dxc5 Qxd1+ 8.
Kxd1 O-O 9. Kc2 Ng4 10. b4 a5 11. a4 Nc6 12. Kb3 axb4 13. cxb4 b6 14. Bb5 Bb7
15. Nc3 bxc5 16. Bxc6 Bxc6 17. b5 Bd5+ 18. Kc2 Bf6 19. Rhd1 Nxe3+ 20. fxe3 Rfb8
21. Ra3 Bxc3 22. Kxc3 Rxb5 23. e4 Bxe4 24. axb5 Rxa3+ 25. Kc4 h6 26. b6 Ra2 27.
Ne5 Rxg2 28. Rd8+ Kh7 29. Nxf7 Rxh2 30. Kxc5 Rc2+ 31. Kd4 Bd5 32. Rh8+ Kg6 33.
Ne5+ Kh5 34. Rg8 g5 35. Nd7 Rf2 36. Ne5 Rb2 37. Kc5 Kh4 38. Ng6+ Kg4 39. Rh8 h5
40. Ne5+ Kf5 41. Nd3 Rc2+ 42. Kb4 h4 43. Rd8 Re2 44. Rd7 h3 45. b7 Bxb7 46. Rxb7
h2 47. Rh7 Re4+ 48. Kc3 Rh4 0-1

[Event "Hasselbacken Open 2016"]
[Site "Stockholm SWE"]
[Date "2016.05.04"]
[Round "5.14"]
[White "Koepke, Christian"]
[Black "Sasikiran, Krishnan"]
[Result "0-1"]
[WhiteTitle "IM"]
[BlackTitle "GM"]
[WhiteElo "2313"]
[BlackElo "2643"]
[WhiteFideId "4655737"]
[BlackFideId "5004985"]
[EventDate "2016.04.30"]

1. e4 e5 2. Nf3 Nc6 3. Bb5 a6 4. Ba4 Nf6 5. O-O Be7 6. Re1 b5 7. Bb3 d6 8. c3
O-O 9. d4 Bg4 10. Be3 Bh5 11. Nbd2 d5 12. Bg5 exd4 13. exd5 dxc3 14. bxc3 Na5
15. Re5 Bg6 16. Nh4 Bd6 17. Nxg6 hxg6 18. Re1 Re8 19. Qf3 Be7 20. Rad1 Nxb3 21.
Nxb3 Qd7 22. h3 Qf5 23. Qxf5 gxf5 24. Re5 Bd6 25. Rxe8+ Nxe8 26. Rc1 f4 27. f3
f6 28. Bh4 Rd8 29. Bf2 Be5 30. Nc5 Rxd5 31. Nxa6 Rd2 32. a3 Kf7 33. Bd4 Bd6 34.
Rb1 c6 35. Nc5 Bxc5 36. Bxc5 Nc7 37. a4 Ne6 38. Bb6 bxa4 39. Ra1 Rc2 40. Ba5 Nc5
41. Bb4 Nb3 42. Rxa4 c5 43. Ba5 Nxa5 44. Rxa5 Rxc3 45. Ra7+ Kg6 46. Rc7 c4 47.
Rc5 Rc2 48. Kh1 c3 49. Kh2 Rc1 50. Rc7 Kh6 51. Rc6 Kh5 52. Rc5+ g5 53. Rc6 Kg6
54. Rc5 Kf7 55. h4 gxh4 56. Kh3 c2 57. Kh2 Ke6 58. Rc8 Kd5 59. Rd8+ Kc4 60. Rc8+
Kd3 61. Rd8+ Ke2 62. Rc8 Kf2 63. Rc3 f5 0-1

[Event "Hasselbacken Open 2016"]
[Site "Stockholm SWE"]
[Date "2016.05.04"]
[Round "5.15"]
[White "Onischuk, Vladimir"]
[Black "Ornstein, Axel"]
[Result "1-0"]
[WhiteTitle "GM"]
[BlackTitle "IM"]
[WhiteElo "2620"]
[BlackElo "2325"]
[WhiteFideId "14114038"]
[BlackFideId "1700111"]
[EventDate "2016.04.30"]

1. e4 e5 2. Nf3 Nc6 3. Bc4 Bc5 4. c3 Nf6 5. d3 a6 6. Bb3 d6 7. h3 Ba7 8. Nbd2
Ne7 9. O-O Ng6 10. d4 O-O 11. Re1 b5 12. Nf1 c5 13. dxe5 dxe5 14. Qxd8 Rxd8 15.
c4 Be6 16. Ng5 Bxc4 17. Bxc4 bxc4 18. Bd2 c3 19. Bxc3 c4 20. Nf3 Bd4 21. Rac1
Rab8 22. Bxd4 exd4 23. e5 Ne8 24. Rxc4 Rxb2 25. Nxd4 Rxa2 26. Nc6 Rc8 27. Ne3
Kf8 28. Nf5 Rd2 29. Ree4 Rd5 30. g4 Nxe5 31. Rxe5 Rxc6 32. Rxe8+ 1-0

[Event "Hasselbacken Open 2016"]
[Site "Stockholm SWE"]
[Date "2016.05.04"]
[Round "5.16"]
[White "Goganov, Aleksey"]
[Black "Pratyusha, Bodda"]
[Result "1-0"]
[WhiteTitle "GM"]
[BlackTitle "WIM"]
[WhiteElo "2591"]
[BlackElo "2318"]
[WhiteFideId "24109959"]
[BlackFideId "5000629"]
[EventDate "2016.04.30"]

1. c4 c5 2. Nf3 Nc6 3. Nc3 g6 4. e3 Nf6 5. d4 cxd4 6. exd4 d5 7. cxd5 Nxd5 8.
Qb3 e6 9. Bb5 Bg7 10. O-O O-O 11. Bxc6 bxc6 12. Ne4 Qb6 13. Rd1 h6 14. Qc2 Rd8
15. Bd2 Ba6 16. Re1 Nc7 17. Qc1 Kh7 18. Bc3 Rd5 19. a4 Ne8 20. Nc5 Bc8 21. b4
Nd6 22. Ne5 Nf5 23. Qf4 g5 24. Qg4 Nxd4 25. Nxf7 Kg8 26. Nxh6+ Bxh6 27. Bxd4
Qxb4 28. Nxe6 Bg7 29. Qh5 Bxd4 30. Qg6+ Kh8 31. Nxd4 Bd7 32. Qf6+ Kg8 33. Re7 1-0

[Event "Hasselbacken Open 2016"]
[Site "Stockholm SWE"]
[Date "2016.05.04"]
[Round "5.17"]
[White "Rozentalis, Eduardas"]
[Black "Rydstrom, Tom"]
[Result "1-0"]
[WhiteTitle "GM"]
[BlackTitle "FM"]
[WhiteElo "2584"]
[BlackElo "2302"]
[WhiteFideId "12800023"]
[BlackFideId "1714830"]
[EventDate "2016.04.30"]

1. e4 e5 2. Nf3 Nc6 3. Nc3 Nf6 4. g3 d5 5. exd5 Nxd5 6. Bg2 Nxc3 7. bxc3 Bc5 8.
O-O O-O 9. d3 Re8 10. Ng5 h6 11. Ne4 Bb6 12. Qh5 Bd7 13. Be3 Re6 14. Bh3 Rg6 15.
Bxd7 Qxd7 16. Bxh6 Rxh6 17. Qxh6 f5 18. Qh3 1-0

[Event "Hasselbacken Open 2016"]
[Site "Stockholm SWE"]
[Date "2016.05.04"]
[Round "5.18"]
[White "Donchenko, Alexander"]
[Black "Ziegler, Ari"]
[Result "1/2-1/2"]
[WhiteTitle "GM"]
[BlackTitle "IM"]
[WhiteElo "2573"]
[BlackElo "2296"]
[WhiteFideId "24603295"]
[BlackFideId "1700987"]
[EventDate "2016.04.30"]

1. d4 d6 2. Nf3 f5 3. g3 Nf6 4. Bg2 g6 5. b3 Bg7 6. Bb2 O-O 7. O-O Qe8 8. Nbd2
Nc6 9. Nc4 e6 10. a4 h6 11. Ne1 g5 12. Nd3 Bd7 13. b4 Rb8 14. e3 Ne7 15. b5 g4
16. Qe1 Ned5 17. Nd2 Nh7 18. e4 f4 19. exd5 f3 20. Bh1 exd5 21. Qxe8 Rbxe8 22.
Rfe1 Ng5 23. Nf4 c6 24. h3 h5 25. h4 Ne6 26. Nxe6 Bxe6 27. c3 Bh6 28. Bc1 Bxd2
29. Bxd2 Bf5 30. bxc6 bxc6 31. Bf4 Rxe1+ 32. Rxe1 Be4 33. Bxd6 Rf7 34. Bc5 Rb7
35. a5 a6 36. Bb6 Kf7 37. c4 Rb8 38. cxd5 Bxd5 39. Re5 Re8 40. Rxh5 Re1+ 41. Kh2
Rf1 42. Rf5+ Ke6 43. Rf8 Rxf2+ 44. Kg1 Rc2 45. Bxf3 gxf3 46. Rf4 Kd7 47. Bc5
Rg2+ 48. Kf1 Rxg3 49. Kf2 Rg2+ 50. Ke3 Re2+ 51. Kd3 Be4+ 52. Kc3 Ke6 53. h5 Bd5
54. h6 Rh2 55. Bf8 Kd7 56. Bg7 f2 57. Rxf2 Rxf2 58. h7 Rf3+ 59. Kd2 Rh3 1/2-1/2

[Event "Hasselbacken Open 2016"]
[Site "Stockholm SWE"]
[Date "2016.05.04"]
[Round "5.19"]
[White "Burmakin, Vladimir"]
[Black "Grandell, Anders"]
[Result "1-0"]
[WhiteTitle "GM"]
[BlackTitle "FM"]
[WhiteElo "2554"]
[BlackElo "2290"]
[WhiteFideId "4105109"]
[BlackFideId "1709771"]
[EventDate "2016.04.30"]

1. d4 d5 2. Nf3 Nf6 3. c4 dxc4 4. e3 b5 5. a4 b4 6. Bxc4 e6 7. O-O Be7 8. Nbd2
Bb7 9. Nb3 a5 10. Bb5+ c6 11. Bd3 Nbd7 12. e4 c5 13. e5 Nd5 14. dxc5 Qc7 15.
Nfd4 Nxe5 16. Bb5+ Nc6 17. Qg4 Bf6 18. Bg5 O-O 19. Bxf6 Nxf6 20. Qg3 Qxg3 21.
hxg3 Nxd4 22. Nxd4 Bd5 23. f3 Rfc8 24. Rac1 Rc7 25. c6 g6 26. Rc5 Rd8 27. Rfc1
Ba2 28. Rd1 Rd6 29. Be2 Rd5 30. Rcc1 e5 31. Nb5 Rc8 32. c7 Bb3 33. Rxd5 Nxd5 34.
Bc4 1-0

[Event "Hasselbacken Open 2016"]
[Site "Stockholm SWE"]
[Date "2016.05.04"]
[Round "5.20"]
[White "Hess, Christian1"]
[Black "Van Foreest, Jorden"]
[Result "0-1"]
[WhiteTitle "FM"]
[BlackTitle "GM"]
[WhiteElo "2241"]
[BlackElo "2551"]
[WhiteFideId "4605969"]
[BlackFideId "1039784"]
[EventDate "2016.04.30"]

1. Nf3 d5 2. d4 Nf6 3. c4 e6 4. e3 c6 5. b3 Nbd7 6. Bb2 b6 7. Bd3 Bb7 8. O-O Bd6
9. Nbd2 O-O 10. Ne5 c5 11. Qc2 Rc8 12. Rad1 h6 13. f4 cxd4 14. exd4 dxc4 15.
bxc4 Nd5 16. Qb3 Nxf4 17. Rxf4 Bxe5 18. Rf2 Bb8 19. Nf3 Nf6 20. Ne5 Ne4 21. Bxe4
Bxe4 22. Qe3 f5 23. d5 exd5 24. cxd5 Bd6 25. Nc6 Qd7 26. Qb3 Kh7 27. Re2 Qf7 28.
Ne5 Qh5 29. Nf3 Bxh2+ 30. Kf2 Bd6 0-1